• 首页
  • 本馆介绍
  • 公告通知
  • 最新文献
  • 馆藏检索
  • 电子资源
  • 读者导购
  • 参考咨询
  • 我的图书馆
  • 登录
  • 详细信息显示
  • 放入我的书架
  • 预约/预借图书
  • 作者相关作品
  • 分类相关作品
  • 丛书相关作品
  • 出版社相关作品

书目信息

  • 表格格式
  • 工作单格式
  • 卡片格式
题名:
反物质
    
 
作者: 克洛斯 著 ;羊奕伟 译
分册:  
出版信息: 重庆   重庆大学出版社  2018
页数: 186页
开本: 22cm
丛书名: 微百科丛书
单 册:
中图分类: P14-49
科图分类:
主题词: 反物质--普及读物
电子资源:
ISBN: 978-7-5689-1051-4
000 01227oam2 2200289 450
001 012001001286
005 20140107182016.0
010    @a978-7-5689-1051-4@b精装@dCNY48.00
100    @a20181129d2018 em y0chiy50 ea
101 1  @achi@ceng
102    @aCN@b500000
105    @aa z 000yy
106    @ar
200 1  @a反物质@Afan wu zhi@dAntimatter@f(英)弗兰克·克洛斯(Frank Close)著@g羊奕伟译@zeng
210    @a重庆@c重庆大学出版社@d2018
215    @a186页@c图@d22cm
225 1  @a微百科丛书
305    @a由牛津大学出版社授权出版
330    @a本书的作者弗兰克是牛津大学物理学教授,长期从事物理学的科普写作。他在本书中以科幻类影视剧中出现的反物质炸弹为切入点,以问题带动读者的兴趣和思考,在讲述科学家的探索和发现时恰当地结合相关的科学实验、实例及现象,用通俗的语言介绍了人类对反物质逐步深入的研究历程,让读者能清楚地了解反物质的存在、产生、湮灭、存储、利用及影响等科学知识。本书对帮助读者了解物质的起源及其结构有重要的意义。
410  0 @12001 @a微百科丛书
510 1  @aAntimatter@zeng
606 0  @a反物质@j普及读物
690    @aP14-49@v5
701  0 @c(英)@a克洛斯@Ake luo si@c(Close, Frank)@4著
702  0 @a羊奕伟@Ayang yi wei@4译
801  0 @aCN@b北京卓展@c20191020
905    @b1201718-21@dP14-49@e296@f4
    
    反物质=Antimatter/(英)弗兰克·克洛斯(Frank Close)著/羊奕伟译.-重庆:重庆大学出版社,2018
    186页:图;22cm.-(微百科丛书)
    
    
    ISBN 978-7-5689-1051-4(精装):CNY48.00
    本书的作者弗兰克是牛津大学物理学教授,长期从事物理学的科普写作。他在本书中以科幻类影视剧中出现的反物质炸弹为切入点,以问题带动读者的兴趣和思考,在讲述科学家的探索和发现时恰当地结合相关的科学实验、实例及现象,用通俗的语言介绍了人类对反物质逐步深入的研究历程,让读者能清楚地了解反物质的存在、产生、湮灭、存储、利用及影响等科学知识。本书对帮助读者了解物质的起源及其结构有重要的意义。
●
相关链接 在E读中查询图书 在五车中查询图书 在当当中查询图书 在豆瓣中查询图书


正题名:反物质     索取号:P14-49/296         预约/预借

序号 登录号 条形码 馆藏地/架位号 状态 备注
1 1201718   212017182   第二样本阅览室/ [索取号:P14-49/296] 在馆    
2 1201719   212017191   第三借阅区/ [索取号:P14-49/296] 在馆    
3 1201720   212017208   第三借阅区/ [索取号:P14-49/296] 在馆    
4 1201721   212017217   第三借阅区/ [索取号:P14-49/296] 在馆    
唐山师范学院图书馆 欢迎您!
大连网信软件有限公司© 版权所有